मळभ. (Record no. 702743)

MARC details
000 -LEADER
fixed length control field 00595nam a2200181Ia 4500
008 - FIXED-LENGTH DATA ELEMENTS--GENERAL INFORMATION
fixed length control field 100920s9999 xx 000 0 und d
082 ## - DEWEY DECIMAL CLASSIFICATION NUMBER
Item number 59300
Classification number 891.463.1 थ 87
100 ## - MAIN ENTRY--PERSONAL NAME
Personal name कुलकर्णी वसंत.
245 ## - TITLE STATEMENT
Title मळभ.
260 ## - PUBLICATION, DISTRIBUTION, ETC. (IMPRINT)
Name of publisher, distributor, etc कर्नाटक राज्य मराठी साहित्य परिषद प्रकाशन, गुलबर्गा.
Date of publication, distribution, etc 1987
300 ## - PHYSICAL DESCRIPTION
Extent 110
Other physical details साधी
365 ## - TRADE PRICE
Price amount 35
520 ## - SUMMARY, ETC.
Summary, etc लघुकथा.
630 ## - SUBJECT ADDED ENTRY--UNIFORM TITLE
Uniform title मळभ.
650 ## - SUBJECT ADDED ENTRY--TOPICAL TERM
Topical term or geographic name as entry element लघुकथा.
730 ## - ADDED ENTRY--UNIFORM TITLE
Uniform title मळभ.
942 ## - ADDED ENTRY ELEMENTS (KOHA)
Koha item type Book
Holdings
Withdrawn status Lost status Damaged status Not for loan Home library Current library Shelving location Date acquired Cost, normal purchase price Total Checkouts Barcode Date last seen Price effective from Koha item type Public note
        Shri Chhatrapati Pratapsinh Maharaj ( Thorle) Nagar Vachanalaya, Satara Shri Chhatrapati Pratapsinh Maharaj ( Thorle) Nagar Vachanalaya, Satara     35.00   SATVAC-59300 09/20/2010 09/20/2010 Book देवघेव